000 00803nam a2200265 a 4500
001 3973291
005 20171221080607.0
008 940923s1994 moua b 001 0 eng d
010 _a 94229690
020 _a0815140487
035 _a(OCoLC)31378230
040 _aDNLM
_cDNLM
_dFCM-M
_dUk
_dTxHU
_dDLC
041 _aeng
042 _alccopycat
060 1 0 _aWW 415
_bV946s 1994
080 _a617.762 GUN
082 0 0 _a617.762 GUN
_220
100 1 _a8
101 _aSHM
245 1 0 _aStrabismus :
_cGunter K. von Noorden, Eugene M. Helveston.
504 _aIncludes bibliographical references (p. 200-202) and index.
906 _a7
_bcbc
_ccopycat
_d2
_encip
_f19
_gy-gencatlg
942 _2ddc
_cBK
999 _c39271
_d39271